| 000 | 00689 a2200253 4500 | ||
|---|---|---|---|
| 001 | 61099 | ||
| 005 | 20260407155902.0 | ||
| 008 | 260407a1991 arg spa d | ||
| 003 | AR-UNSa-BCEJYS | ||
| 040 |
_aAR-UNSa-BCEJYS _bspa _cAR-UNSa-BCEJYS |
||
| 080 |
_a369 _xSeguridad social |
||
| 245 | 1 | 0 |
_aRégimen del procedimiento previsional _pLey 23.473 |
| 020 | _a978-950-508-297-1 | ||
| 250 | _a2a. ed. | ||
| 264 | 1 |
_aBuenos Aires : _bAstrea _c1991 |
|
| 300 |
_a283 p. _c20 cm. |
||
| 041 | _aspa | ||
| 942 | _cBK | ||
| 590 | _aniveau_biblio:m niveau_hierar:0 | ||
| 100 | 1 | _aBrito Peret, José Ismael | |
| 700 | 1 | _aJaime, Raúl C. | |
| 650 | _aLEY 23.473 | ||
| 650 | _a ley 23 473 | ||
| 999 |
_c7218 _d7218 |
||